Teoría de circuitos con OrCAD PSpice: 20 prácticas de laboratorio

Guardat en:
Dades bibliogràfiques
Autors principals: Ogayar Fernández, Blas (autor), López Valdivia, Andrés (Autor)
Format: Llibre
Idioma:espanyol
Publicat: Ciudad de México Alfaomega 2001
Matèries:
Etiquetes: Afegir etiqueta
Sense etiquetes, Sigues el primer a etiquetar aquest registre!

MARC

LEADER 00000nam a2200000 a 4500
001 UCL8348
003 CL-VaPUC
008 040618e20010000MX |||||||||||||||||spa|d
020 |a 9701506006 
082 0 4 |a 621.3192  |b OGA  |2 21 
100 |a Ogayar Fernández, Blas  |e autor  |9 486284 
700 0 |a López Valdivia, Andrés  |e author  |9 486285 
245 1 0 |a Teoría de circuitos con OrCAD PSpice: 20 prácticas de laboratorio 
300 |a 511 p 
942 |c BK 
945 |d 20040618 00:00:00  |a cmena 
260 |a Ciudad de México  |b Alfaomega  |c 2001 
500 |a Incluye Cd-Rom 
650 0 |a Circuitos eléctricos   |9 260262 
650 0 |a Aplicaciones de computadores  |9 260401 
650 7 |a ORCAD  |2 CL-VaPUC  |9 472502 
650 0 |a Simulación por computador  |9 260988 
650 0 |a Software  |9 387312 
583 |a last modification  |c 20040618 00:00:00  |k Rodrigo Vera 
999 |c 309689  |d 309687 
952 |0 0  |1 0  |4 0  |6 621_319200000000000_OGA_2001  |7 0  |8 X  |9 377342  |a BIBING  |b BIBING  |d 2019-11-21  |i 4029151  |o 621.3192 OGA 2001  |p 4029151  |r 2025-01-20  |w 2019-11-21  |y BK_X  |k EIE